Pravdivé výmysly /

Uložené v:
Podrobná bibliografia
Hlavný autor: Lúkianos, asi 120-asi 180 (Author)
Ďalší autori: Born, Adolf, 1930-2016 (Illustrator), Varcl, Ladislav, 1909-1980 (Translator), Vysoký, Zdeněk Karel, 1903-1979 (Translator), Bahník, Václav, 1918-2003 (Translator)
Médium: Kniha
Jazyk:Czech
Greek, Modern (1453-)
Vydané: Praha : Odeon, 1983.
Vydanie:1. vyd.
Edícia:Klub čtenářů sv. 479
ISBN: (viaz.)
Fyzický popis: 222 s. : far. ilustr.
Tagy: Pridať tag
Žiadne tagy, Buďte prvý kto otaguje tento záznam!

MARC

LEADER 00000nam a2200000 i 4500
001 000540121
005 20170513170407.0
008 990630s1983 xr e cze d
020 |a (viaz.)  |c Kčs 42,00 
040 |a SVKKK  |b slo  |c SVKKK  |e AACR2 
041 1 |a cze  |h gre 
044 |a xr  |c CZ 
100 0 |a Lúkianos,  |d asi 120-asi 180  |4 aut 
245 1 0 |a Pravdivé výmysly /  |c Lúkianos ; ilustroval Adolf Born ; přeložili Ladislav Varcl, Zdeněk K. Vysoký. 
250 |a 1. vyd. 
260 |a Praha :  |b Odeon,  |c 1983. 
300 |a 222 s. :  |b far. ilustr. 
366 |e 76000 výtisků 
490 1 |a Klub čtenářů  |v sv. 479 
700 1 |a Born, Adolf,  |d 1930-2016  |4 ill 
700 1 |a Varcl, Ladislav,  |d 1909-1980  |4 trl 
700 1 |a Vysoký, Zdeněk Karel,  |d 1903-1979  |4 trl 
700 1 |a Bahník, Václav,  |d 1918-2003  |4 trl 
830 0 |a Klub čtenářů  |v sv. 479 
910 |a svkkk 
998 |a BK 
090 |g SCKHL  |k Sklad Pribinova 2. posch.  |a IV.121583  |j 677935  |i 540121-10  |s Povinný výt.